000 01326nam a22002537a 4500
999 _c835
_d835
005 20260225112428.0
008 s2525 th tha d
020 _a9747919842
040 _aNALT
041 _atha
050 _aDS580 น718ช
100 0 _aนีล, เฟรเดอริค อาร์เธอร์
245 1 0 _aชีวิตความเป็นอยู่ในกรุงสยามในทัศนะของชาวต่างประเทศ ระหว่าง พ.ศ. 2383-2384 (ค.ศ. 1840-1841)
246 _aNarrative of a Residence in Siam
260 3 _aกรุงเทพฯ :
_bกองวรรณคดีและประวัติศาสตร์ กรมศิลปากร,
_c2525
300 _a247 หน้า :
_b ภาพประกอบ
650 0 4 _aไทย -- ความเป็นอยู่และประเพณี
650 0 4 _aไทย -- ประวัติศาสตร์ -- กรุงรัตนโกสินทร์, 2383--2384
700 0 _aนีล, เฟรเดอริค อาร์เธอร์
850 _aNALT
856 4 0 _uhttps://hdl.handle.net/20.500.14156/371625
942 _cGB
_2lcc
_02
998 _j111
_k นางสาวพจพิณ พรมเอี่ยม